مكتبة جامعة عجلون الوطنية

فهرس بحث المكتبة

Normal view MARC view
  • التعليم العالي-الجامعات-الطلاب

Entry Topical Term

Number of records used in: 1

001 - CONTROL NUMBER

  • control field: 48525

003 - CONTROL NUMBER IDENTIFIER

  • control field: JO-AjAnu

005 - DATE AND TIME OF LATEST TRANSACTION

  • control field: 20230606082013.0

008 - FIXED-LENGTH DATA ELEMENTS

  • fixed length control field: 230606|| aca||aabn | a|a d

040 ## - CATALOGING SOURCE

  • Original cataloging agency: JO-AjAnu
  • Transcribing agency: JO-AjAnu

150 ## - HEADING--TOPICAL TERM

  • Topical term or geographic name entry element: التعليم العالي-الجامعات-الطلاب

670 ## - SOURCE DATA FOUND

  • Source citation: Work cat.: (JO-AjAnu)24824: تحرير بني عطا،جميل ، تحريرحوامدة، كمال , author 48524, المؤتمر الأول لعمادة شؤون الطلبة (عمادات شؤون الطلبة في الجامعات العربية-رؤية مستقبلية 13-15 شوال 1424هـ/9-11كانون أول 2003م